Trick Or Treat By Answering Geography Questions - Statistics

General Stats
  • This quiz has been taken 170 times
  • The average score is 19 of 45
Answer Stats
Size Question Answer % Correct
Mini What is the capital of Russia? Moscow
93%
Mini What is the largest country by area? Russia
91%
Mini What US state is entirely made up of islands? Hawaii
88%
Mini What is the largest mountain in Japan? Mt. Fuji
86%
Mini What is the smallest country? Vatican City
84%
Mini What city holds the tallest building in the world? Dubai
81%
Mini What is the only country in Oceania with a land border? Papua New Guinea
77%
Mini What is the most populous city in North America? Mexico City
71%
Mini What is the second most populous city in Egypt? Alexandria
70%
Regular Which country has the most billionaires per capita? Monaco
63%
Regular Which country has the most billionaires per capita? Monaco
63%
Regular Which Japanese island is most populous? Honshu
57%
Regular Which Japanese island is most populous? Honshu
57%
Regular Which state's nickname is "The Last Frontier"? Alaska
54%
Regular Which state's nickname is "The Last Frontier"? Alaska
54%
Regular What is the poorest country? D.R. Congo
48%
Regular What is the poorest country? D.R. Congo
48%
Regular Which country has the last capital alphabetically? Croatia
46%
Regular Which country has the last capital alphabetically? Croatia
46%
Regular Which country has the most tropical storms? China
44%
Regular Which country has the most tropical storms? China
44%
Mini What is the most populous urban area? Guangzhou
43%
Regular What is the capital of Myanmar? Naypyidaw
42%
Regular What is the capital of Myanmar? Naypyidaw
42%
Regular What is the capital of Botswana? Gaborone
39%
Regular What is the capital of Botswana? Gaborone
39%
Regular Which country has the most islands? Sweden
39%
Regular Which country has the most islands? Sweden
39%
King-size Which country has the most sheep per capita? Mongolia
32%
King-size Which country has the most sheep per capita? Mongolia
32%
King-size Which country has the most sheep per capita? Mongolia
32%
Regular What is the most populous city in Burundi? Bujumbura
26%
Regular What is the most populous city in Burundi? Bujumbura
26%
King-size Which country has the longest name? St. Vincent & the Grenadines
22%
King-size Which country has the longest name? St. Vincent & the Grenadines
22%
King-size Which country has the longest name? St. Vincent & the Grenadines
22%
King-size What is the most forested country? (%) Suriname
16%
King-size What is the most forested country? (%) Suriname
16%
King-size What is the most forested country? (%) Suriname
16%
King-size Which country has the highest % of people below the poverty line? Syria
6%
King-size Which country has the highest % of people below the poverty line? Syria
6%
King-size Which country has the highest % of people below the poverty line? Syria
6%
King-size Which country's flag has the most colors on it? Guatemala
4%
King-size Which country's flag has the most colors on it? Guatemala
4%
King-size Which country's flag has the most colors on it? Guatemala
4%
No matching quizzes found
Score Distribution
Percent of People with Each Score
Percentile by Number Answered
Your Score History
You have not taken this quiz